000 01616nam0a2200373 4500
001 RU\NLR\bibl\1174674
005 20250615090345.0
010 _a5-7035-1845-8
_9100
021 _aRU
_b2007-78968
_94252
035 _a(NLR Aleph) 001161341
090 _a1539518
_c1539518
100 _a20080110d2007 |||y0rusy50 ca
101 0 _arus
102 _aRU
105 _aa |||||||||
200 1 _aПрименение мультиагентных систем электронного обучения в гетерогенных информационно-образовательных средах
_fЮ.С. Кабальнов, Ш.М. Минасов, С.В. Тархов
210 _aМосква
_cИзд-во МАИ
_d2007
215 _a271 с.
_cил.
_d21
320 _aБиблиогр.: с. 248-267 (163 назв.)
606 1 _aДистанционное образование
_yРоссийская Федерация
_92137068
_3RU\NLR\auth\661288519
606 1 _aДистанционное обучение
_xЗнания
_xОценка
_xТехнические средства
_92480131
_3RU\NLR\auth\661472356
686 _aЧ484(2Р)763
686 _aЧ312.31
686 _aЧ312.8
686 _aЧ312.7
700 1 _aКабальнов
_bЮ. С.
_gЮрий Степанович
_4070
701 1 _aМинасов
_bШ. М.
_gШамиль Маратович
_4070
701 1 _aТархов
_bС. В.
_gСергей Владимирович
_4070
801 0 _aRU
_bNLR
_c20080110
_gRCR
801 1 _aRU
_bNLR
_c20080110
830 _aавт. по кн.
942 _cBOOK
980 _aNB